000 00719nam a2200193 i 4500
001 62976
003 ES-MaACL
005 20230906164748.0
007 t|
008 031127s1935 sp ||||1| spa d
100 1 _aFernández Nonidez, José.
_949958
245 1 3 _aLa herencia mendeliana /
_cintroducción al estudio de la genética por José F. Nonidez.
250 _a2ª ed. corr. y considerablemente aum.
260 _aMadrid :
_b[s.n.],
_c1935 (
_fS. Aguirre)
300 _a426 p. ;
_c23 cm.
500 _aPrecede al tít.: Junta para ampliación de estudios e investigaciones científicas.
710 2 _aJunta para la Ampliación de Estudios e Investigaciones Científicas.
_95413
852 _aES-MaACL
_jA-4429
999 _c62976
_d62976